000 00550nam a22001817a 4500
005 20171101151527.0
010 _aENG-120842
020 _a9788180460784
_c195.00
035 _aEN-104374
037 _bDBAD/PUB
082 _a617.6092
100 _aArunmugam,Ranjani Iyer
245 _aIIt's all about smiles /
_cby Ranjani Iyer Arunmugam
260 _aNew Delhi
_bAlchemy Publishers
_c2013
270 _a4767/23,Pratap Street,Daryaganj
_bNew Delhi
_e110002
300 _a241p.
_c20(pbk)
_bill
942 _2ddc
_cEN
_h617.6092
_mARU
999 _c146507
_d146507